Business reengineering (Бичлэгийн дугаар. 146181)
| 000 -УДИРДЛАГА | |
|---|---|
| Удирдлага | 00945nam a22003137a 4500 |
| 003 - ХЯНАЛТЫН ТОО ТОДОРХОЙЛОГЧ | |
| Код | MN-UlNUM |
| 005 - БИЧИЛТ ХИЙСЭН ОГНОО | |
| Тухайн бичилтийг бичсэн засварласан сүүлийн огноо | 20260114142146.0 |
| 008 - ЕРӨНХИЙ МЭДЭЭЛЭЛ | |
| Ерөнхий мэдээлэл | 260114s1994 njua|b|| |||| 001 0 eng | |
| 020 ## - ISBN | |
| ISBN | 0130148539 |
| 040 ## - БИЧЛЭГ ҮҮСГЭГЧ БАЙГУУЛЛАГА | |
| Бичлэг үүсгэгч номын сангийн код | МУИС-ийн номын сан |
| 084 ## - ББК АНГИЛАЛ | |
| Нэмэлт тусгалт | Бусад |
| ББК ангилал | 65.290-2 |
| Зохиогчийн гурван тэмдэгт | A 55 |
| Мэдлэгийн ялгаа | 65 - Эдийн засаг |
| 100 1# - ЗОХИОГЧ | |
| Зохиогчийн нэр | Andrews, Dorine C. |
| 245 10 - ҮНДСЭН ГАРЧИГ | |
| Номын нэр | Business reengineering |
| Бага гарчгийн мэдээ | The survival guide |
| Оролцогчдын тухай мэдээ | Dorine C. Andrews, Susan K. Stalick. |
| 260 ## - ГАРАЛТЫН МЭДЭЭ | |
| Хэвлэгдсэн газар | Englewood Cliffs, NJ : |
| Хэвлэлийн газар | Yourdon Press, |
| Хэвлэгдсэн он | 1994. |
| 300 ## - МАТЕРИАЛЫН ТОДОРХОЙЛОЛТ | |
| хуудасны тоо | xvi, 302 p. : |
| Бусад тоон мэдээлэл | ill. ; |
| Хэмжээ | 24 cm. |
| 500 ## - Тайлбар | |
| Дансны дугаар | БС 4977 |
| 546 ## - ХЭЛНИЙ ТУХАЙ МЭДЭЭ | |
| Хэл | Англи хэл дээр, |
| 653 ## - Түлхүүр үг | |
| Түлхүүр үг | organizational change |
| 653 ## - Түлхүүр үг | |
| Түлхүүр үг | management. |
| 653 ## - Түлхүүр үг | |
| Түлхүүр үг | reengineering (Management) |
| 700 1# - ХАМ ЗОХИОГЧИД | |
| Ба бус | Stalick, Susan K. |
| 740 ## - НОМЫН ГАРЧИГ | |
| Гарчиг | Know Where you are |
| 740 ## - НОМЫН ГАРЧИГ | |
| Гарчиг | Lighting the Way |
| 740 ## - НОМЫН ГАРЧИГ | |
| Гарчиг | Know Where you are going |
| 740 ## - НОМЫН ГАРЧИГ | |
| Гарчиг | Don't walk alone |
| 942 ## - ЭЛЕМЕНТИЙН ТӨРӨЛ | |
| Зүйлийн төрөл | Ном |
